header

Lost Lake (Record no. 257211)

MARC details
000 -LEADER
fixed length control field 00345nam a22001457a 4500
003 - CONTROL NUMBER IDENTIFIER
control field OSt
005 - DATE AND TIME OF LATEST TRANSACTION
control field 20180823111550.0
008 - FIXED-LENGTH DATA ELEMENTS--GENERAL INFORMATION
fixed length control field 180823b xxu||||| |||| 00| 0 eng d
020 ## - INTERNATIONAL STANDARD BOOK NUMBER
International Standard Book Number 0-06-073502-3
040 ## - CATALOGING SOURCE
Transcribing agency n/a
100 ## - MAIN ENTRY--PERSONAL NAME
Personal name Phillip Margolin
245 ## - TITLE STATEMENT
Title Lost Lake
260 ## - PUBLICATION, DISTRIBUTION, ETC. (IMPRINT)
Place of publication, distribution, etc Newrork
Name of publisher, distributor, etc Harper Collins Publishers
Date of publication, distribution, etc 2005
942 ## - ADDED ENTRY ELEMENTS (KOHA)
Source of classification or shelving scheme Library of Congress Classification
Koha item type Long Loan Books
Holdings
Withdrawn status Lost status Source of classification or shelving scheme Damaged status Not for loan Collection code Home library Current library Shelving location Date acquired Total Checkouts Full call number Barcode Date last seen Date checked out Price effective from Koha item type
    Library of Congress Classification     Fiction Rongo University Library Rongo University Library General Stacks 23/08/2018 1 PS3563.A649L67 2005 20168407 18/03/2020 09/03/2020 23/08/2018 Long Loan Books

© 2026 Rongo University
Contact us: librarian | system librarian | Rongo university